000 00446nam a2200133 a 4500
008 120416s1970 ||||||||||||||||| || u
050 _aT 59.7 Rob
100 _aRobens, Lord
245 1 0 _aHuman engineering
260 _aLondon
_bJonathan Cape
_c1970
300 _a186p.
350 _a0.00
995 _D0.00
_FCBU-MAIN LIBRARY (Kitwe)
_H1
_I7.90
_M1
_UAVAILABLE
_ZMain Library Open Access Collection
999 _c45898
_d45898